NLSUI OPAC header image

The spectacle of suffering : (Record no. 111843)

MARC details
000 -LEADER
fixed length control field 01436pam a2200205 a 4500
001 - CONTROL NUMBER
control field 950711
005 - DATE AND TIME OF LATEST TRANSACTION
control field 20260128110050.0
008 - FIXED-LENGTH DATA ELEMENTS--GENERAL INFORMATION
fixed length control field 840202s1984 enk b 001 0 eng
020 ## - INTERNATIONAL STANDARD BOOK NUMBER
International Standard Book Number 9780521089647
082 ## - DEWEY DECIMAL CLASSIFICATION NUMBER
Classification number 364.6094 SPI
100 1# - MAIN ENTRY--PERSONAL NAME
Personal name Spierenburg, Petrus Cornelis
245 14 - TITLE STATEMENT
Title The spectacle of suffering :
Remainder of title executions and the evolution of repression : from a preindustrial metropolis to the European experience /
Statement of responsibility, etc. Pieter Spierenburg.
260 ## - PUBLICATION, DISTRIBUTION, ETC.
Place of publication, distribution, etc. Cambridge :
Name of publisher, distributor, etc. Cambridge University Press,
Date of publication, distribution, etc. 2008.
300 ## - PHYSICAL DESCRIPTION
Extent xii, 274 p. ;
Dimensions 24 cm.
505 ## - FORMATTED CONTENTS NOTE
Formatted contents note Introduction; 1. 'Power carries its own conviction': the early rise and fall of human rights, 1945-60; 2. 'The problem of freedom': the United Nations and decolonization, 1960-1; 3. From Jamaica with law: the rekindling of international human rights, 1962-7; 4. The making of a precedent: racial discrimination and international human rights law, 1962-6; 5. 'The hymn of hate': the failed convention on elimination of all forms of religious intolerance, 1962-7; 6. 'So bitter a year for human rights': 1968 and the UN International Year for Human Rights; 7. 'To cope with the flux of the future': human rights and the Helsinki Final Act, 1962-75; 8. The presence of the disappeared, 1968-93; Conclusion
650 #0 - SUBJECT ADDED ENTRY--TOPICAL TERM
Topical term or geographic name entry element Punishment
Geographic subdivision Netherlands
-- Amsterdam
General subdivision History.
650 #0 - SUBJECT ADDED ENTRY--TOPICAL TERM
Topical term or geographic name entry element Punishment
Geographic subdivision Netherlands
General subdivision History.
650 #0 - SUBJECT ADDED ENTRY--TOPICAL TERM
Topical term or geographic name entry element Punishment
Geographic subdivision Europe
General subdivision History.
942 ## - ADDED ENTRY ELEMENTS (KOHA)
Source of classification or shelving scheme Dewey Decimal Classification
Koha item type BOOKs
Holdings
Withdrawn status Lost status Damaged status Not for loan Collection code Home library Current library Shelving location Date acquired Cost, normal purchase price Total Checkouts Total Renewals Full call number Barcode Date last seen Date last checked out Price effective from Koha item type
          . .   05.11.2018 0.00 1 1 364.6094 SPI 35342 02.01.2024 19.12.2023 05.11.2018 BOOKs